000 00894nam a2200253 a 4500
001 BRCA_6387
005 20190320205432.0
008 250709s1843----u--a---###---#000-0#eng-#
041 _aeng
044 _au
050 4 _aF1213
_b.C35 4 1843
100 1 _aCalderón de la Barca, Frances Erskine Inglis
_d1804-1882
_99129
245 1 0 _aLife in Mexico during a residence of two years in that country
_cby Mme. C. de la B.
260 _aBoston, Massachusetts
_bCharles. C. Little and James Brown
_c1843
300 _axi, 427 p. (v.2)
_bil.
_c21 cm.
500 _aIncluye glosario de palabras españolas o mexicanas
500 _aVer también B97 (v.1), C15 (3a ed. 1910) y C135 (2a ed. 1907)
500 _aCEF80
650 1 4 _aViajeros ingleses
_97018
651 4 _aMéxico
_xDescripción y viajes
_9103
651 4 _aMéxico
_xVida social y costumbres
_9769
902 _aGFM
942 _2lcc
_cB
999 _c6073
_d6073